Gorilla Countries Quiz Stats

Quiz Updated Dec 18, 2014

Challenge
Share
Tweet
Embed
Score 0/12 Timer 01:30
0 Plays Today
Hint Answer % Correct
Mountain GorillaDemocratic Republic of the Congo
88%
Eastern Lowland GorillaDemocratic Republic of the Congo
88%
Mountain GorillaRwanda
73.8%
Mountain GorillaUganda
73.2%
Western Lowland GorillaRepublic of the Congo
72.8%
Cross River GorillaNigeria
71.5%
Western Lowland GorillaCentral African Republic
71%
Western Lowland GorillaCameroon
63.1%
Cross River GorillaCameroon
63%
Western Lowland GorillaAngola
60%
Western Lowland GorillaGabon
52.5%
Western Lowland GorillaEquatorial Guinea
43.6%

You're not logged in!

Compare scores with friends on all Sporcle quizzes.
Sign Up with Email
OR
Log In

You Might Also Like...

Show Comments

Extras

Top Quizzes Today


Score Distribution

Your Account Isn't Verified!

In order to create a playlist on Sporcle, you need to verify the email address you used during registration. Go to your Sporcle Settings to finish the process.